Diseño de filtros muesca múltiples digitales
Gespeichert in:
| 1. Verfasser: | |
|---|---|
| Format: | Buch |
| Veröffentlicht: |
[San José, Costa Rica]
2009
|
| Schlagworte: | |
| Tags: |
Tag hinzufügen
Keine Tags, Fügen Sie den ersten Tag hinzu!
|
MARC
| LEADER | 00000nam a2200000Ia 4500 | ||
|---|---|---|---|
| 003 | 010521 | ||
| 005 | 20221231144038.0 | ||
| 008 | 140114s2009 cr a 000 ||s d | ||
| 040 | |c cru CEDI | ||
| 090 | |a TFG 6134 | ||
| 100 | |a Rodríguez Aguilar, Luis Fernando |9 2597 | ||
| 245 | |a Diseño de filtros muesca múltiples digitales | ||
| 260 | |c 2009 |b [San José, Costa Rica] | ||
| 500 | |a Proyecto de graduación (bachillerato en ingeniería eléctrica)--Universidad de Costa Rica. Facultad de Ingeniería. Escuela de Ingeniería Electrica | ||
| 648 | |x FILTROS ELECTRICOS DIGITALES |9 3145 | ||
| 650 | |z FILTROS ELECTRICOS |9 3146 | ||
| 942 | |c TFG | ||
| 999 | |c 16081 |d 16081 | ||
